=LDR 00000nam 2200000 4500 =001 INLIS000000000051809 =005 20200313035905 =035 ##$$a 0010-1217000049 =007 ta =008 200313################g##########0#ind## =020 ##$$a 978-602-317-307-5 =082 ##$$a 297.2 =084 ##$$a 297.2 MUH s =100 #$$a Muh. Suhadi =245 1#$$a Syarah hadis rabain an-Nawawiyah : $b Renungan dana penjelasan hadis serta aplikasinya dalam kehidupan sehari-hari /$c Muh. Suhadi, Lc : Penyunting, Syaiful M. Hamzah =250 ##$$a Cet. 1 =260 ##$$a Surakarta :$b Ziyad Books,$c 2016 =300 ##$$a 400 hlm. ; $c 23 x 15 cm. =500 ##$$a Bibliografi hlm. : 393 - 394 =650 #4$$a Hadis =504 ##$$a Bibliografi hlm. : 391 - 392 =700 #$$a Syaiful M. Hamzah =990 ##$$a 0001/BPAP-NTB/2016 =990 ##$$a 01201712032 =990 ##$$a 21705321 =990 ##$$a 21705322 =990 ##$$a 21705323 =990 ##$$a 21705324 =990 ##$$a 21705325 =990 ##$$a 21705322 =990 ##$$a 0001/BPAP-NTB/2016 =990 ##$$a 01201712032 =990 ##$$a 21705321 =990 ##$$a 21705323 =990 ##$$a 21705324 =990 ##$$a 21705325